II Всероссийская научно-практическая конференция "Актуальные вопросы исполнительского мастерства и педагогики в классе струнно-щипковых музыкальных инструментов", 11 апреля - 30 мая 2023 года (Запись № 13682056)

Подробности
000 -МАРКЕР
контрольное поле 02706nam0a2200421 4500
001 - ИДЕНТИФИКАТОР ЗАПИСИ
контрольное поле RU\NLR\BIBL_A\022603626
005 - ИДЕНТИФИКАТОР ВЕРСИИ
контрольное поле 20260420052232.0
010 ## - МЕЖДУНАРОДНЫЙ СТАНДАРТНЫЙ НОМЕР КНИГИ (ISBN)
Номер (ISBN) 978-5-91115-113-3
Тираж 100
021 ## - НОМЕР ГОСУДАРСТВЕННОЙ РЕГИСТРАЦИИ
Код страны Российская Федерация
Номер КН-П-25-036178
Номер Листа государственной регистраци КН-П-25-3555
035 ## - ДРУГИЕ СИСТЕМНЫЕ НОМЕРА
Идентификатор записи (NLR Aleph) 022603626
100 ## - ДАННЫЕ ОБЩЕЙ ОБРАБОТКИ
Данные общей обработки 20250819d2023 k y0rusy50 ca
101 0# - ЯЗЫК РЕСУРСА
Язык текста, звукозаписи и т.д. русский
102 ## - СТРАНА ПУБЛИКАЦИИ ИЛИ ПРОИЗВОДСТВА
Страна публикации Российская Федерация
105 ## - ПОЛЕ КОДИРОВАННЫХ ДАННЫХ: ТЕКСТОВЫЕ МАТЕРИАЛЫ, МОНОГРАФИЧЕСКИЕ
Кодированные данные о монографическом текстовом документе ag z 100yy
181 #0 - ПОЛЕ КОДИРОВАННЫХ ДАННЫХ: ВИД СОДЕРЖАНИЯ
Код вида содержания (ISBD) i3
Код характеристики содержания (ISBD) axxe
182 #0 - ПОЛЕ КОДИРОВАННЫХ ДАННЫХ: ТИП СРЕДСТВА
Код типа средства (ISBD) n - непосредственное
200 1# - ЗАГЛАВИЕ И СВЕДЕНИЯ ОБ ОТВЕТСТВЕННОСТИ
Основное заглавие II Всероссийская научно-практическая конференция "Актуальные вопросы исполнительского мастерства и педагогики в классе струнно-щипковых музыкальных инструментов", 11 апреля - 30 мая 2023 года
Сведения, относящиеся к заглавию сборник докладов
Первые сведения об ответственности Департамент по культуре Томской области, Областное государственное образовательное автономное учреждение дополнительного профессионального образования "Томский областной инновационный учебно-методический центр культуры и искусства"
203 ## - ВИД СОДЕРЖАНИЯ И ТИП СРЕДСТВА
Вид содержания Текст
Дополнительные сведения об издании визуальный
Тип средства непосредственный
210 ## - ПУБЛИКАЦИЯ, РАСПРОСТРАНЕНИЕ И ДР.
Место издания, распространения и т.д. Томск
Имя издателя, распространителя и т. д. ТОИУМЦКИ
Дата издания, распространения и т.д. 2023
215 ## - ФИЗИЧЕСКАЯ ХАРАКТЕРИСТИКА
Специфическое обозначение материала и объем 59 с.
Другие сведения о физической характеристике цв. ил., ноты
Размеры 29
225 1# - СЕРИЯ
Основное заглавие серии Год педагога и наставника, 2023
320 ## - ПРИМЕЧАНИЯ О НАЛИЧИИ В ДОКУМЕНТЕ БИБЛИОГРАФИИ / УКАЗАТЕЛЯ
Текст примечания Библиогр. в конце ст.
606 1# - НАИМЕНОВАНИЕ ТЕМЫ КАК ПРЕДМЕТ
Наименование темы Домра
Формальный подзаголовок Съезды, совещания и т.п
Тематический подзаголовок Техника игры
Системный номер авторитетной/нормативной записи 2477760
Идентификатор авторитетной/нормативной записи RU\NLR\AUTH\661471103
606 1# - НАИМЕНОВАНИЕ ТЕМЫ КАК ПРЕДМЕТ
Наименование темы Балалайка
Формальный подзаголовок Съезды, совещания и т.п
Тематический подзаголовок Техника игры
Системный номер авторитетной/нормативной записи 1092353
Идентификатор авторитетной/нормативной записи RU\NLR\AUTH\66109588
606 1# - НАИМЕНОВАНИЕ ТЕМЫ КАК ПРЕДМЕТ
Наименование темы Гитара
Формальный подзаголовок Съезды, совещания и т.п
Тематический подзаголовок Техника игры
Системный номер авторитетной/нормативной записи 2274877
Идентификатор авторитетной/нормативной записи RU\NLR\AUTH\661363324
686 1# - ИНДЕКСЫ ДРУГИХ КЛАССИФИКАЦИЙ
Индекс Щ310.715.68-713я431
686 1# - ИНДЕКСЫ ДРУГИХ КЛАССИФИКАЦИЙ
Индекс Щ310.715.67-713я431
686 1# - ИНДЕКСЫ ДРУГИХ КЛАССИФИКАЦИЙ
Индекс Щ310.715.64-713я431
686 1# - ИНДЕКСЫ ДРУГИХ КЛАССИФИКАЦИЙ
Индекс Ч426.67-9я431
686 1# - ИНДЕКСЫ ДРУГИХ КЛАССИФИКАЦИЙ
Индекс Ч489.782.6я431
686 1# - ИНДЕКСЫ ДРУГИХ КЛАССИФИКАЦИЙ
Индекс Ч479.782.6я431
710 12 - НАИМЕНОВАНИЕ ОРГАНИЗАЦИИ - ПЕРВИЧНАЯ ОТВЕТСТВЕННОСТЬ
Начальный элемент ввода "Актуальные вопросы исполнительского мастерства и педагогики в классе струнно-щипковых музыкальных инструментов", всероссийская научно-практическая конференция
Порядковый номер временной организации и / или порядковый номер ее части 2
Место проведения временной организации Томск
Дата проведения временной организации 2023
Системный номер авторитетной/нормативной записи 2674349
Идентификатор авторитетной/нормативной записи RU\NLR\AUTH\880630155
942 ## - ДОПОЛНИТЕЛЬНЫЕ ЭЛЕМЕНТЫ ЗАПИСИ (АБИС)
Тип экземпляра АБИС Книга
980 ## - КОЛЛЕКЦИЯ
Название коллекции Национальная библиография

Нет доступных экземпляров.